000 00502nam a2200169Ia 4500
005 20250508161609.0
008 008 250505s9999 xx 000 0 eng d
037 _aBooks to be hide in OPAC
040 _aFEDL
_beng
_cFEDL
041 _aeng
_2eng
084 _a428, DEL/O
_qFEDL
245 0 _aNew english course book 2: English reader for class 7th
260 _aDelhi, India
_bManager of Publication
_c1966
300 _a115p.
942 _cHB
_h428, DEL/O
999 _c1371022
_d1371022